| 000 | 01269nam a22003857a 4500 | ||
|---|---|---|---|
| 001 | 0001316 | ||
| 003 | KOHA_MİRAKIL | ||
| 005 | 20260207001237.0 | ||
| 007 | ta | ||
| 008 | 150629b2001 tu a|||gr||||#||||0|tur | | ||
| 020 |
_a9756574070 _c24,69 |
||
| 040 |
_aTR-BiSEU _btur _cTR-BiSEU _erda |
||
| 041 | 0 | _atur | |
| 044 | _ctu | ||
| 050 |
_aTK2331 _b.G87 2001 |
||
| 100 | 1 | _aGürdal, Osman. | |
| 245 | 1 |
_aElektrik makinalarının tasarımı/ _cOsman Gürdal ; Osman Gürdal. |
|
| 264 | 1 |
_aİstanbul : _bAtlas Yayın Dağıtım _c2001 |
|
| 300 | _aXIV, 510 sayfa: resimli | ||
| 336 |
_ametin _btxt _2rdacontent |
||
| 337 |
_aaracısız _bn _2rdamedia |
||
| 338 |
_acilt _bnc _2rdacarrier |
||
| 490 | 1 |
_aAtlas Yayın ; _vno. |
|
| 490 | 1 | _a08 | |
| 500 | _aKaynakça ve dizin var. | ||
| 650 | 0 |
_aElektrik makineleri--Tasarım Konstrüksiyon. _94362 |
|
| 650 | 0 |
_aElektrik motorları--Tasarım ve konstrüksiyon. _94363 |
|
| 650 | 0 |
_aElektrik makineleri--Tasarım ve konstrüksiyon--Bilgisayar programları. _94364 |
|
| 650 | 0 |
_aMachinery--Design. _94365 |
|
| 650 | 0 |
_aElectric machinery--Design and construction. _94366 |
|
| 650 | 0 |
_aElectric machinery industry. _94367 |
|
| 830 | 1 |
_aAtlas Yayın ; _vno. _94368 |
|
| 830 | 1 |
_a08 _94369 |
|
| 942 |
_2lcc _cBK |
||
| 999 |
_c1306 _d1306 |
||